000
00318nam a2200121Ia 4500
008
231228s1990 xx 000 0 und d
041
_a
eng
082
_a
4
_b
RAJ
100
_a
RAJARAMAN (Dharma)/ RAJARAMAN (V)
245
_a
Computer Primer
260
_a
London
_b
Harlow, Addision Wesley -
_c
1990
300
_a
vii, 420
999
_c
1082849
_d
1082849